<?xml version="1.0" encoding="UTF-8"?>
<record
    xmlns:xsi="http://www.w3.org/2001/XMLSchema-instance"
    xsi:schemaLocation="http://www.loc.gov/MARC21/slim http://www.loc.gov/standards/marcxml/schema/MARC21slim.xsd"
    xmlns="http://www.loc.gov/MARC21/slim">

  <leader>02639cam a22003135a 4500</leader>
  <controlfield tag="001">16453436</controlfield>
  <controlfield tag="005">20160724105844.0</controlfield>
  <controlfield tag="008">100910s2014    enkad  frb    001 0 eng d</controlfield>
  <datafield tag="010" ind1=" " ind2=" ">
    <subfield code="a">  2010038587</subfield>
  </datafield>
  <datafield tag="020" ind1=" " ind2=" ">
    <subfield code="a">1107417031</subfield>
  </datafield>
  <datafield tag="020" ind1=" " ind2=" ">
    <subfield code="a">9781107417038</subfield>
  </datafield>
  <datafield tag="040" ind1=" " ind2=" ">
    <subfield code="a">DLC</subfield>
    <subfield code="b">eng</subfield>
    <subfield code="c">DLC</subfield>
    <subfield code="d">EG-ScBUE </subfield>
  </datafield>
  <datafield tag="082" ind1="0" ind2="4">
    <subfield code="a">382.92</subfield>
    <subfield code="b">GOV</subfield>
    <subfield code="2">22</subfield>
  </datafield>
  <datafield tag="245" ind1="0" ind2="0">
    <subfield code="a">Governing the World Trade Organization :</subfield>
    <subfield code="b">past, present and beyond doha /</subfield>
    <subfield code="c">edited by Thomas Cottier and Manfred Elsig.</subfield>
  </datafield>
  <datafield tag="260" ind1=" " ind2=" ">
    <subfield code="a">Cambridge ;</subfield>
    <subfield code="a">New York :</subfield>
    <subfield code="b">Cambridge University Press,</subfield>
    <subfield code="c">2014.</subfield>
  </datafield>
  <datafield tag="300" ind1=" " ind2=" ">
    <subfield code="a">xviii, 348 p. :</subfield>
    <subfield code="b">ill., charts ;</subfield>
    <subfield code="c">24 cm.</subfield>
  </datafield>
  <datafield tag="500" ind1=" " ind2=" ">
    <subfield code="a">Index : p. 337-348</subfield>
  </datafield>
  <datafield tag="504" ind1=" " ind2=" ">
    <subfield code="a">Includes bibligraphical references.</subfield>
  </datafield>
  <datafield tag="505" ind1=" " ind2=" ">
    <subfield code="a">The origins and back to the future: a conversation with Ambassador / Julio Lacarte -- After globalization? : WTO reform and the new global political economy / Tony McGrew -- Internal measures in the multilateral trading system : where are the borders of the WTO agenda? / Marion Jansen -- Legitimising global economic governance through transnational parliamentarisation: how far have we come? : How much further must we go? / Markus Krajewski -- Adapting to new power balances : institutional reform in the WTO / Amrita Narlikar -- Delegation chains, agenda control, and political mobilisation : how the EU Commission tries to affect domestic mobilisation on the DDA / Bart Kerremans -- Developing countries and monitoring WTO commitments in response to the global economic crisis / Chad Bown -- Exploring the limits of institutional coherence in trade and development / Kent Jones -- The WTO as a 'living instrument': the contribution of consensus decision-making and informality to institutional norms and practices / Mary Footer -- Crisis situations and consensus seeking: adaptive decision making in the FAO and applying its lessons to the reform of the WTO / Robert Kissack -- A post-Montesquieu analysis of the WTO / Steve Charnovitz -- Reforming the WTO : the decision-making triangle revisited / Manfred Elsig and Thomas Cottier -- Barriers to WTO reform : intellectual narrowness and the production of path-dependent thinking / Rorden Wilkinson.  </subfield>
  </datafield>
  <datafield tag="520" ind1=" " ind2=" ">
    <subfield code="a">Discusses the various challenges the WTO faces and provides policy-relevant ideas to reform WTO governance.
</subfield>
  </datafield>
  <datafield tag="610" ind1="2" ind2="7">
    <subfield code="a">World Trade Organization.</subfield>
    <subfield code="2">BUEsh</subfield>
    <subfield code="9">40415</subfield>
  </datafield>
  <datafield tag="650" ind1=" " ind2=" ">
    <subfield code="2">BUEsh</subfield>
  </datafield>
  <datafield tag="651" ind1=" " ind2=" ">
    <subfield code="2">BUEsh</subfield>
  </datafield>
  <datafield tag="653" ind1=" " ind2=" ">
    <subfield code="b">LLAAWW</subfield>
    <subfield code="c">July2016</subfield>
  </datafield>
  <datafield tag="700" ind1="1" ind2=" ">
    <subfield code="a">Cottier, Thomas</subfield>
    <subfield code="9">40416</subfield>
    <subfield code="e">editor.</subfield>
  </datafield>
  <datafield tag="700" ind1="1" ind2=" ">
    <subfield code="a">Elsig, Manfred</subfield>
    <subfield code="9">40417</subfield>
    <subfield code="e">editor.</subfield>
  </datafield>
  <datafield tag="856" ind1="4" ind2="1">
    <subfield code="3">Table of contents only</subfield>
    <subfield code="u">http://www.loc.gov/catdir/enhancements/fy1101/2010038587-t.html</subfield>
  </datafield>
  <datafield tag="942" ind1=" " ind2=" ">
    <subfield code="2">ddc</subfield>
    <subfield code="e">22</subfield>
    <subfield code="k">382.92 GOV</subfield>
  </datafield>
  <datafield tag="999" ind1=" " ind2=" ">
    <subfield code="c">22014</subfield>
    <subfield code="d">21986</subfield>
  </datafield>
  <datafield tag="952" ind1=" " ind2=" ">
    <subfield code="0">0</subfield>
    <subfield code="1">0</subfield>
    <subfield code="2">ddc</subfield>
    <subfield code="4">0</subfield>
    <subfield code="7">0</subfield>
    <subfield code="8">Baccah</subfield>
    <subfield code="a">MAIN</subfield>
    <subfield code="b">MAIN</subfield>
    <subfield code="c">1ST</subfield>
    <subfield code="d">2016-07-24</subfield>
    <subfield code="e">Purchase</subfield>
    <subfield code="g">364.00</subfield>
    <subfield code="h">26080</subfield>
    <subfield code="l">0</subfield>
    <subfield code="o">382.92 GOV</subfield>
    <subfield code="p">000032951</subfield>
    <subfield code="r">2025-07-15 00:00:00</subfield>
    <subfield code="v">455.00</subfield>
    <subfield code="y">BB</subfield>
  </datafield>
</record>
